000 00730nam a2200241 a 4500
003 DO-SdBNP
005 20250115074315.0
007 ta
008 250115e19? dr a|||gr|||| 001 e spa d
040 _aDO-SdBNP
_bspa
_cBNPHU
_erda
082 4 _axxx
_bC172d
_222
100 1 _958658
_aCamacho, Eugenio
_eautor
245 1 0 _aDos palabras para eros /
_cEugenio Camacho
250 _a2da. ediciones
264 _aCiudad no identificada :
_bEditora no identifica,
_cfecha no identificada
300 _a11 páginas :
_bilustraciones ;
_c22 cm.
336 _ardacontent
_btexto
_2txt
337 _ardamedia
_bsin mediación
_2n
338 _ardacarrier
_bvolumen
_2nc
590 _aInventariado 2024/DG
910 _aDG
942 _2ddc
_cLF2
999 _c58057
_d58057